000 00389nam a2200121 a 4500
005 20140412111402.0
008 070410s19uu xx 00 eng d
020 _a0-307-62193-6
050 _aER
_bTw93 1991
245 _aTwo-Minute stories Mickey mouse and friends :
_bEight funny adventures with mickey and his pals.
260 _aNew York :
_bWestern publishing,
_c1991.
999 _c105471
_d105471